| 000 | 00805cam a22002411 4500 | ||
|---|---|---|---|
| 001 | l 50000110 | ||
| 003 | DLC | ||
| 005 | 20260227111542.0 | ||
| 008 | 921102s1950 dcua f000 0 eng c | ||
| 010 | _al 50000110 | ||
| 035 | _a(OCoLC)26898087 | ||
| 040 |
_aU.S. Dept. of Labor. Library _cCLU _dDLC |
||
| 050 | 0 | 0 |
_aLC143 _b.A36 1950 |
| 082 | _a371.52 | ||
| 110 | 1 |
_aUnited States. _bBureau of Labor Standards. |
|
| 245 | 1 | 0 | _aHelp get children into school and out of farm jobs during school hours. |
| 260 |
_a[Washington, _bU.S. Govt. Print. Off., _c1950] |
||
| 300 |
_a[11] p. _billus. _c23 cm. |
||
| 490 | 1 |
_aIts Bulletin, _vno. 128 |
|
| 650 | 0 |
_aSchool attendance _zUnited States |
|
| 650 | 0 |
_aChild labor _zUnited States |
|
| 830 | 0 |
_aBulletin (United States. Bureau of Labor Standards) ; _v128. |
|
| 999 |
_c36697 _d36697 |
||